Statistics for Pokémon GO: Highest CP Electric-type Pokémon

Click here to take the quiz!

General Stats

  • This quiz has been taken 41 times
    (16 since last reset)
  • The average score is 17 of 20

Answer Stats

HintAnswer% Correct
3623Magnezone
100%
3902Raikou
100%
3987Zapdos
100%
4565Zekrom
100%
3225Ampharos
92%
3089Eelektross
92%
4799Mega Ampharos
92%
4048Mega Manectric
92%
3169Regieleki
92%
3582Tapu Koko
92%
3524Vikavolt
92%
4451Xurkitree
92%
3481Electivire
83%
3265Luxray
75%
3782Thundurus (Incarnate)
75%
4137Thundurus (Therian)
75%
3265Jolteon
67%
3010Bellibolt
58%
3334Golem (Alolan)
58%
2978Pawmot
58%

Score Distribution

Percentile by Number Answered

Percent of People with Each Score

Your Score History

You have not taken this quiz since the last reset